000 01369nam a22002897a 4500
001 9599
003 FISKH
005 20260126091647.0
008 260126b cb ||||| |||| 00| 0 eng d
020 _a9780099448822
040 _aFISKH
_beng
_cFISKH
_dFISKH
050 _aPL856 .U673 .N6713
082 _a895.635
100 _aMurakami , Haruki
245 _aNorwegian wood /
_cBy Haruki Murakami : Translated from Japanse By Jay Rubin
260 _aLondon :
_bVintage Books ,
_c1987 .
300 _a389 pages :
_billustrator ;
_c20 cm .
505 _aS
520 _a"Toru, a quiet and preternaturally serious young college student in Tokyo, is devoted to Naoko, a beautiful and introspective young woman, but their mutual passion is marked by the tragic death of their best friend years before. Toru begins to adapt to campus life and the loneliness and isolation he faces there, but Naoko finds the pressures and responsibilities of life unbearable. As she retreats further into her own world, Toru finds himself reaching out to others and drawn to a fiercely independent and sexually liberated young woman."--Back cover.
521 8 _a790
_bLexile
521 8 _aS
_bRaz-Plus
650 _aJapanese literature
_vFiction
650 _aMental illness
_vFiction
700 _aRubin, Jay
_eTranslator
942 _2ddc
_cBK
_n0
999 _c9599
_d9599